ბათუმის შოთა რუსთაველის სახელმწიფო უნივერსიტეტის ბიბლიოთეკა

Вопросы языкознания, №6.2013. (ბიბ.ჩანაწერი № 42205)

000 -LEADER
fixed length control field 00523nam a2200193Ia 4500
001 - CONTROL NUMBER
control field 8898
003 - CONTROL NUMBER IDENTIFIER
control field GE_BSU
008 - FIXED-LENGTH DATA ELEMENTS--GENERAL INFORMATION
fixed length control field 181216s||||||||xx |||||||||||||| ||und||
040 ## - CATALOGING SOURCE
Transcribing agency GE_BSU
245 ## - TITLE STATEMENT
Title Вопросы языкознания, №6.2013.
245 ## - TITLE STATEMENT
Remainder of title Ноябрь-декабрь
245 ## - TITLE STATEMENT
Statement of responsibility, etc. Гл.ред.Т.М.Николаева и др.
260 ## - PUBLICATION, DISTRIBUTION, ETC.
Place of publication, distribution, etc. Москва
260 ## - PUBLICATION, DISTRIBUTION, ETC.
Name of publisher, distributor, etc. Наука
260 ## - PUBLICATION, DISTRIBUTION, ETC.
Date of publication, distribution, etc. 2013
300 ## - PHYSICAL DESCRIPTION
Extent 160стр.26см.
653 ## - INDEX TERM--UNCONTROLLED
Uncontrolled term Вопросы языкознания
942 ## - ADDED ENTRY ELEMENTS (KOHA)
Koha item type პერიოდიკა
ეგზემპლარები
Withdrawn status Lost status Damaged status Not for loan Date acquired Barcode Date last seen Price effective from Koha item type
        2018-12-17 P76104 2018-12-17 2018-12-17 პერიოდიკა